Tromeo & Juliet /

Tallennettuna:
Bibliografiset tiedot
Muut tekijät: Jensen, Janet, Keenan, Will, Herz, Michael, Kaufman, Lloyd (sceneggiatore)
Aineistotyyppi: Dia
Kieli:englanti
Julkaistu: Milano : Shendene & Moizzi, 2000
Sarja:American trash ; 1
Tagit: Lisää tagi
Ei tageja, Lisää ensimmäinen tagi!

MARC

LEADER 00000ngm a22000007i 4500
001 IT\ICCU\RAV\1498762
003 ItRI
005 20260124182921.0
008 061206s2000 it |||||||||||||||k|||||c
040 |b ita 
041 7 |a eng  |2 ISO-639-2 
130 0 |a Tromeo and Juliet <film ; 1996>  |3 IT\ICCU\RAV\1498770 
245 0 0 |a Tromeo & Juliet /  |c regia Lloyd Kaufman ; produzione Lloyd Kaufman e Michael Herz. 
260 |a Milano :  |b Shendene & Moizzi,  |c 2000 
300 |a 1 videocassetta (VHS) (ca. 90 min.) :  |b color., son. +  |e 1 opusc 
500 |a Tit. del contenitore 
500 |a Interpreti: Janet Jensen, Will Keenan 
500 |a Produzione: USA, 1996 
500 |a V.o. con sottotit. in italiano. 
700 1 |a Jensen, Janet  |0 IT\ICCU\RAVV\493868 
700 1 |a Keenan, Will  |0 IT\ICCU\RAVV\493869 
700 1 |a Herz, Michael  |0 IT\ICCU\RAVV\493870 
700 1 |a Kaufman, Lloyd  |c  (sceneggiatore)  |0 IT\ICCU\UBOV\489385 
830 0 |a American trash ;  |v 1  |0 IT\ICCU\RAV\0975169 
942 |2 ddc  |c VM  |n 0 
952 |0 0  |1 0  |4 0  |6 VO_1496_000000000000000  |7 0  |9 28042  |a BO  |b BO  |d 2026-01-24  |i 11648  |l 0  |o VO 1496  |p BO11648  |r 2026-01-24 18:29:21  |w 2026-01-24  |x [Sebina 5] [1 videocassetta]  |y VM  |z 1 videocassetta 
981 1 |6 z01  |a b   |b xa2e  
982 1 |6 z01  |a g 
999 |c 23766  |d 23766